000 00976cam a2200241 i 4500
005 20260204131623.0
008 250721s2000 ua gr 000 0 ara d
020 _a9773140555
082 1 4 _a372.83
_bي د ة
100 1 _aحميدة، إمام مختار
_eمعد.
245 1 0 _aتدريس الدراسات الإجتماعية في التعليم العام /
_cإعداد أ.د. إمام مختار حمبدة [وأربعة اخرون].
250 _aالطبعة الأولى.
264 3 1 _aالقاهرة :
_bمكتبة زهراء الشرق،
_c2000.
300 _aالجزء الثاني.
650 1 7 _aالعلوم الإجتماعية.
650 1 7 _aالتدريس.
700 1 _aعرفة، صلاح الدين
_eمعد.
700 1 _aالقرش، حسن حسن
_eمعد.
700 1 _aشحات، محمد رمضان
_eمعد.
700 1 _aالقرشي، أمير إبراهيم
_eمعد.
942 _2ddc
_cBK
999 _c42413
_d42413